Histórias que o Outono me contou (Registo nº 2267)

Detalhes MARC
000 -Etiqueta do registo
Cabeçalho 00822nam a22002771 4500
005 - Identificador da versão
Campo de controlo 20240813121929.0
095 ## -
-- PTBN00267673
010 ## - Número internacional normalizado dos livros (ISBN)
Número (ISBN) 9721031178
021 ## - Número do Depósito Legal
Código do país PT
Número 40215/90
100 ## - Dados gerais de processamento
Dados gerais de processamento 19980307d1990 c y0pory5003 ba
102 ## - Pais de publicação ou produção
País de publicação Portugal
101 0# - Língua de publicação
Língua do texto, banda sonora, etc. Português
105 ## - Campo de dados codificados: livros
Dados codificados dos livros a z 000fy
215 ## - Descrição física 
Indicação específica da natureza do documento e extensão da espécie [26] p.
Outras indicações físicas muito il.
Dimensões 30 cm
200 1# - Titulo e menção de responsabilidade
Título próprio Histórias que o Outono me contou
Primeira menção de responsabilidade Soledade Martinho Costa
Outras menções de responsabilidade il. Elisa Bernardo
225 2# - Colecção 
Título próprio da colecção Quatro estações
210 ## - Publicação, Distribuição, etc. 
Lugar da edição, distribuição, etc. [Mem Martins]
Nome do editor, distribuidor, etc. Europa-América
Data da publicação, distribuição, etc. D.L. 1990
606 ## - Nome comum usado como assunto
Número de registo de entrada de autoridade 0000029
Palavra de ordem Literatura portuguesa infantil
Subdivisão de assunto Conto
675 ## - Classificação Decimal Universal (CDU)
Notação 821.134.3-34
Edição
Língua da edição por
702 #1 - Nome de autor-pessoa física (responsabilidade secundária)
Número de registo de entrada de autoridade 0001093
Palavra de ordem Bernardo
Outra parte do nome não tomada para palavra de ordem Elisa
Código de função Ilustrador / Técnico de desenho computorizado
700 #1 - Nome de autor-pessoa física (responsabilidade principal)
Número de registo de entrada de autoridade 0000090
Palavra de ordem Costa
Outra parte do nome não tomada para palavra de ordem Soledade Martinho
942 ## - Elementos de entrada adicionados (Koha)
Tipo de item no Koha Livro
Exemplares
Situação do levantamento Origin of item (home branch) (coded) Biblioteca de empréstimo Código de barras Cota Circulation type (not for loan) Tipo de documento Nota do exemplar Damaged status
  Biblioteca Escolar da Coca Maravilhas Biblioteca Escolar da Coca Maravilhas BECM3635/98 8POR COS   Livro Sem mensagem